000 00373nam a22001577a 4500
005 20200524131556.0
008 200524b xxu||||| |||| 00| 0 eng d
041 _aeng
082 _a340
100 _aBARE ACT
_95744
245 _aTHE BANKING COMPANIES ACT,1970 (5 TO 1970)
260 _aDELHI
_bPROFESSIONAL BOOKS
300 _a91,p
650 _aLAW
_95701
942 _cBK
999 _c6500
_d6498